1587 1686 1053 1235 1351 1921 1363 1265 1041 1704 1496 1611 1030 1671 1238 1762 1804 1466 1708 1371 1462 1505 1418 1043 1519 1487 1702 1438 1488 1703 1050 1552 1912 1712 1721 1679 1373 1008 1955 1250 1798 1489 1835 1231 1035 1049 1398 1942 1620 1931 1735 1523 1793 1899 1583 1221 1887 1880 1637 1043 1045 1759 1694 1754 1353 1655 1293 1195 1709 1833 1243 1672 1764 1851 1663 1073 1988 1152 1533 1996 1591 1974 1828 1969 1262 1828 1856 1636 1051 1020 1381 1423 1927 1051 1482 1345 1698 1957 1487 BCNSPRNW ULIB Ver.6.0+V

เปลี่ยนเป็นภาษาไทย

Change to English
 แสดงรายละเอียดบรรณานุกรม
  กลับหน้าหลัก

Brief Record : Get Marc (ISO 2709) : E-mail record : QR code < ปิดหน้าต่าง
LEADER : 00000nam 2200000uu 4500
001    13399127727
003     ULIB
008    210428s2562||||th 000 0 tha d
020 ^  ^a9786160035540
050 ^  ^aนว^bส866จ
100 0  ^aสุริยาทิศ
245 1  ^aจูบนั้นตลอดกาล /^cสุริยาทิศ
250 ^  ^aพิมพ์ครั้งที่ 1.
260 ^  ^aกรุงเทพฯ :^bพิมพ์คำ,^c2562.
300 ^  ^a436 หน้า ;^c21 ซม.
490 0  ^aจุมพิตรัตติกาล
945    ^p300^l0^i28884
999    ^aกัณชพร จุลอักษร
รายการนี้ยังไม่มีแท็ก
คุณยังไม่ได้ล็อกอิน คุณสามารถมีกิจกรรมร่วมกับเว็บไซต์ได้ แต่ต้องล็อกอินก่อน ::
  ล็อกอิน

รายการสื่อสารสนเทศ

ลำดับที่ ประเภท เลขเรียก/บาร์โค้ด สถานที่ สถานะ
1. วิทยาศาสตร์การแพทย์ และสุขภาพ
วิทยาศาสตร์การแพทย์ และสุขภาพ
นว ส866จ ฉ.1 
  Barcode: 28884
ห้องสมุดวิทยาเขตนครสวรรค์
►นวนิยาย:l:Fiction
บนชั้น

รายการใกล้เคียง
    ผู้แต่ง [สุริยาทิศ]

BibComment


ยังไม่เคยถูกคอมเมนท์

คอมเมนท์ทรัพยากรรายการนี้
  คอมเมนท์: จูบนั้นตลอดกาล ..


 Copyright 2026. Bcnsprnw @Library